000 01262cam a2200277 i 4500
003 SA-RiAUC
005 20260419143422.0
008 260419s2004 su o g 01010 ara d
020 _a996088063x
040 _aSA-RiIDS
_bara
_cSA-RiAUC
_erda
043 _aa-su---
082 0 4 _a051.9531
090 _a051.9531
_bد ا ر
110 2 _aدارة الملك عبد العزيز
_eمؤلف.
245 1 0 _aمجلة الدارة في ثلاثين عاما 1395-1425 هـ- 1975-2004 م /
_cدارة الملك عبد العزيز.
264 1 _aالرياض :
_bدارة الملك عبد العزيز،
_c2004
300 _a55 صفحة :
_bصور.
_c20 سم.
336 _aنص
_btxt
_2rdacontent
_3كتاب
337 _aبدون وسيط
_bn
_2rdamedia
338 _aمجلد
_bnc
_2rdacarrier
440 0 _aالكتب الجديدة (مكتبة العبيكان)
500 _aصدر هذا الكتاب بمناسبة عقد الدارة اللقاء العلمي لمسؤولي التحرير في المجلات العلمية المحكمة في المملكة العربية السعودية الرياض.
650 7 _aالدوريات العربية
_zالسعودية
_2aucsh
942 _2ddc
_cBOOK
_n0
949 _aSA-JeALM
_d260419
_umohamedma123
_n1
999 _c14837
_d14837